A list of current medical periodicals and allied serials.

Saved in:
Bibliographic Details
Corporate Author: John Crerar Library.
Format: Book
Language:English
Published: Chicago, Printed by order of the Board of directors, 1913.
Edition:2d ed. April, 1913.
Subjects:
Tags: Add Tag
No Tags, Be the first to tag this record!
LEADER 00957cam a2200289I 4500
001 005479219-3
005 20160409131947.0
008 790712s1913 ilu 000 0 eng
010 |a  13019677  
035 0 |a ocm05162050 
040 |a DLC  |c CLE  |d HLS 
050 |a Z6660  |b .J65 1913 
060 0 0 |a ZW 1  |b J66L 1913 
110 2 |a John Crerar Library. 
245 0 2 |a A list of current medical periodicals and allied serials. 
250 |a 2d ed. April, 1913. 
260 |a Chicago,  |b Printed by order of the Board of directors,  |c 1913. 
300 |a 32 p.  |c 27 cm. 
655 2 |a Periodicals. 
655 2 |a Bibliography. 
650 2 |a Medicine. 
650 0 |a Medicine  |x Periodicals  |v Bibliography. 
650 2 |a Medicine  |v Periodicals. 
655 7 |a Bibliography.  |2 fast 
776 0 8 |i Online version:  |a John Crerar Library, Chicago.  |t List of current medical periodicals and allied serials.  |b 2d ed.  |d Chicago, 1913  |w (OCoLC)609487978 
988 |a 20020608 
906 |0 DLC